000 00950nmm a2200289 a 4500
001 ocm0001916660
003 TR-IsHL
005 20201028173922.0
008 180920s2018 tu tur
007 cr cn
020 _a9786055095970
035 _a1916660
_b(N$T)
050 0 4 _aBP188
_b.Y54 2018
090 0 4 _aBP188
_b.Y54 2018
100 1 _aYiğit, Sevgi
245 1 0 _aYüreğimin pusulası
_h[electronic resource] /
_cSevgi Yiğit ; editör M. Endülüs Özbay
250 _a1. Baskı
260 _aİstanbul :
_bAZ Kitap,
_c2018
300 _a126 p.
650 4 _aFelsefe, Psikoloji ve Din
650 4 _aPhilosophy, Psychology and Religion
650 0 _aDini yaşam
_xİslam
650 0 _aReligious life
_x Islam
650 7 _aRELIGION / Islam / Koran & Sacred Writings
_2bisacsh
700 1 _aÖzbay, M. Endülüs
856 4 0 _uhttp://search.ebscohost.com/login.aspx?direct=true&scope=site&db=e011xww&AN=1916660
999 _c17952
_d17952